000 00557nam a2200193Ia 4500
005 20250326141231.0
008 250326s9999 xx 000 0 und d
020 _a81-7022-422-5
037 _aTextbook
040 _aFMSL
_beng
_cFMSL
041 _aeng
_2eng
084 _aS8g N2
_qFMSL
100 _aPareek Udai
245 0 _aFirst handbook of psychological and social Instruments
_cPareek Udai; Venkateswer Rao T
260 _aNew Delhi
_bNew Delhi, Concept
_c1992
300 _a422p
942 _cTB
_hS8g N2
999 _c1289348
_d1289348